| 000 | 00710nam a2200205 u 4500 | ||
|---|---|---|---|
| 005 | 20240910063911.0 | ||
| 008 | 101104s2006 r 000 0 eng d | ||
| 020 | _a9788431681388 | ||
| 035 | _aUPN01000178402 | ||
| 049 | _aI | ||
| 050 | 4 |
_aPN6193 _bB8.2 |
|
| 100 | 1 |
_aBürger, Gottfried August, _d1747-1794 |
|
| 245 | 1 | 4 |
_aLas aventuras del barón de Munchausen / _cGottfried A. Bürger ; il. de Svetlin ; adap. de Eduardo Murias de Aller ; actividades de Joan Manuel Soldevilla. |
| 260 |
_aBarcelona, Esp. : _bVicens Vives, _c2006. |
||
| 300 |
_a87 p. : _bil. col. |
||
| 440 | 0 |
_aCucaña. _pAdaptados ; _v32 |
|
| 650 | 4 |
_aLiteratura juvenil alemana _912357 |
|
| 700 | 1 |
_aSvetlin, _eil. |
|
| 905 | _aInfantil | ||
| 999 |
_c150505 _d150505 |
||